| 000 | 00456nam a2200145 i 4500 | ||
|---|---|---|---|
| 001 | 30573 | ||
| 003 | ES-MaACL | ||
| 005 | 20230906154221.0 | ||
| 007 | t| | ||
| 008 | 030127s1911 sp ||||1| spa d | ||
| 100 | 1 |
_aBeltrán Bigorra, Francisco. _927353 |
|
| 245 | 1 | 0 |
_aEstudios sobre la vegetación de la Sierra de Espadán / _cFrancisco Beltrán Bigorra. |
| 260 |
_aMadrid : _b[s.n., _c1911] ( _fEst. Tip. de Antonio Marzo) |
||
| 852 |
_aES-MaACL _jT-1368-F-3 |
||
| 999 |
_c30573 _d30573 |
||